| 000 | 00843nam a22002297a 4500 | ||
|---|---|---|---|
| 001 | BD-DhSAU # | ||
| 003 | BD-DhSAU | ||
| 005 | 20231220130504.0 | ||
| 008 | 220526b2021 ma ad||| |||| 001 0 eng d | ||
| 040 | _aBD-DhSAU | ||
| 082 |
_222 _a630.715 _bB1473 |
||
| 100 | M | _aBagum, Thahamina | |
| 245 |
_aInterrelationship of farmers's knowledge, attitude, ease of use of technology, motivation and work performance in fertilizer application on rice in Bangladesh _bPhD. Thesis _cThahmina Bagum |
||
| 260 |
_aUniversiti Putra Malaysia : _bThe School of Graduate Studies; _c2021. |
||
| 300 |
_axviii, 166 p. : _bill. ; _c30 cm. |
||
| 500 | _aIncludes References . | ||
| 590 | _aRoy | ||
| 650 | _aAgriculture Extension & Information System | ||
| 650 |
_aRice _xBangladesh |
||
| 700 |
_aZukarnain, Zuriati Ahmed _4Supervisor |
||
| 942 |
_2ddc _cPHD |
||
| 999 |
_c15920 _d15919 |
||